000 00550nam a2200169 i 4500
001 93603
003 ES-MaACL
005 20230906181253.0
007 t|
008 050414s1923 be ||||1| spa d
100 1 _aLópez Aydillo, Eugenio.
_973427
245 1 4 _aLos cancioneros gallego-portugueses como fuentes históricas
_b: (con un glosario de voces del gallego arcáico).
260 _aBrujas :
_b[s.n.],
_c1923 (
_eSainte-Catherina)
300 _a305 p. ;
_c25 cm.
500 _aExtr. de la Revue Hispanique LVII.
852 _aES-MaACL
_jF-6743
999 _c93603
_d93603